000 00438nam a2200205Ia 4500
001 109806
003 YMCAF
005 20230512162402.0
008 100717s2001 ||||||||||||||||| ||und|d
024 _a109806
035 _aWB793
040 _aYMCAF
_beng
_cIN-KoLT
041 _aeng
082 _a006.74
_bMER
100 _aMercer, Dave
245 0 _aXML beginners guide
260 _bTMH
_c2001
300 _a400
942 _2ddc
_cBK
999 _c11627
_d11627